| 000 | 01052nam a22002057a 4500 | ||
|---|---|---|---|
| 999 |
_c61995 _d61995 |
||
| 003 | Ge_BSU | ||
| 005 | 20240619164741.0 | ||
| 008 | 240619s1969 ge ||||| |||| 00| 0 geo d | ||
| 041 | _ageo | ||
| 080 | _a61(479.22)(092) მ-34 | ||
| 100 |
_aმარუაშვილი, გიორგი _922501 |
||
| 245 |
_aსპირიდონ ვირსალაძე : _b[მონოგრაფია] / _cგიორგი მარუაშვილი, სოლომონ აბულაძე; რედ. ს. საყვარელიძე. |
||
| 264 |
_aთბილისი : _bსაბჭ. საქართველო, _c1969. |
||
| 300 |
_a87 გვ. : _bილ. და პორტრ. ; _c20 სმ |
||
| 653 | _aვირსალაძე, სპ. | ||
| 653 | _a ქართველი ექიმები | ||
| 700 |
_aაბულაძე, სოლომონ _eავტორი _922502 |
||
| 700 |
_aსაყვარელიძე, ს. _eრედაქტორი _922503 |
||
| 942 |
_2udc _cᲬᲘᲒᲜᲘ |
||